Selected Solutions for Mathematical Applications for Management, Life and Social Sciences

Bibliographic Details
Main Author: Harshbarger, Ronald J.
Other Authors: J. Reynolds, James
Format: Book
Language:English
Published: Toronto : D.C.Heath and Company , 1985
Edition:Second Edition
Subjects:

MARC

LEADER 00000cam a2200000 7i4500
001 0000003487
005 20230523.0
008 991203 at eng
020 |a 0669073385 (pbk) 
040 |a INS 
090 0 0 |a QA37.2   |b .H29 1985 
100 1 |a Harshbarger, Ronald J. 
245 1 0 |a Selected Solutions for Mathematical Applications for Management, Life and Social Sciences   |c by Ronald J. Harshbarger and James J. Reynolds 
250 |a Second Edition 
260 |a Toronto :   |b D.C.Heath and Company ,   |c 1985 
300 |a 347 p. ;   |c 24 cm. 
650 0 |a Mathematics 
700 1 |a J. Reynolds, James 
999 |a 0000005088   |b BOOK   |c Open Shelf   |e Default branch